000 00787nas a2200265 4500
001 BR2012003438
003 BR-BrBNA
005 20231205120542.0
007 ta
008 230509b bl.|||p| |||| 00| 00por d
040 _aBR-BrBNA
_bpor
_cBiblioteca Nacional de Agricultura
041 _a(Pt)
072 _aH10
100 1 _aQueiroz, J.M.
100 1 _aGarcia, M.A.
245 1 _aOcorrência de besouros de ambrósia (Coleoptera: platypodidae)em área urbana de Campinas, SP
650 _aECOLOGIA
650 _aARBORIZAÇÃO
650 _aBESOURO
650 _aPRAGA DE PLANTA
650 _aCAMPINAS
773 0 _tFloresta e Ambiente (Brazil)
_xISSN 1415-0980
_g(2007), v. 14(1) p. 1-5
_wBR2012003438
909 _a202311
_bLúcia
_c55
_dLúcia Elande
942 _2AGRIS
_n0
_cANA
999 _c219089
_d219089